Europejscy Przywódcy 2026 - Statystyki

Ogólne statystyki
  • Ten quiz został rozwiązany 36 razy
  • Średni wynik to 7 z 15
Statystyki odpowiedzi
Państwo Przywódca % Poprawnych
Polska/Premier Donald Tusk
91%
Francja/Prezydent Emmanuel Macron
91%
Rosja/Prezydent Vladimir Putin
91%
Ukraina/Prezydent Wołodymyr Zełenski
85%
Włochy/Premier Giorgia Meloni
79%
Białoruś/Prezydent Alaksandr Łukaszenka
76%
Niemcy/Kanclerz Friedrich Merz
70%
Wielka Brytania/Premier Keir Starmer
45%
Hiszpania/Premier Pedro Sánchez
36%
Finlandia/Premier Alexander Stubb
15%
Belgia/Premier Bart De Wever
9%
Szwecja/Premier Ulf Kristersson
9%
Norwegia/Premier Jonas Gahr Støre
6%
Grecja/Premier Kiriakos Mitsotakis
6%
Holandia/Premier Rob Jetten
6%
Nie znaleziono quizów pasujących do podanych kryteriów
Rozkład punktacji
Procent ludzi z każdym wynikiem
Percentyl według liczby udzielonych odpowiedzi
Twoja historia wyników
Nie rozwiązałeś tego quizu